| 000 | 01512nab a2200241 i 4500 | ||
|---|---|---|---|
| 001 | 768714001 | ||
| 003 | CO-MdFUSB | ||
| 005 | 20260312164033.0 | ||
| 008 | 240522t1973 sp ||||| |||| 00| 0 spa d | ||
| 040 |
_bspa _cCO-MdFUSB _dCO-MdFUSB |
||
| 041 | _aspa | ||
| 100 |
_aRichter, Klemens, _eautor |
||
| 245 | 1 | 3 |
_aLa celebración litúrgica en el matrimonio : _bsu problemática a la vista de las nuevas concepciones teológicas y jurídicas de la unión matrimonial _c/ Klemens Richter ; traducido por Gilberto Gutiérrez |
| 520 | _aLa celebración del matrimonio y su vinculación con la Escritura es particularmente débil. Así, por ejemplo, la discusión sobre los requisitos canónicos formales, sobre el verdadero comienzo del matrimonio, sobre la relación entre el matrimonio canónico y el civil, sobre las nuevas nupcias de los divorciados, sobre el matrimonio con no católicos y con no bautizados; todo lo cual suscita y agita hoy la discusión teológica y canónica y no puede por menos de afectar a las formas de cele- bración canónica del matrimonio. | ||
| 650 | 7 |
_aMatrimonio _9300 |
|
| 650 | 7 |
_aLiturgia _9206 |
|
| 650 | 7 |
_aIglesia _9655 |
|
| 653 | _aFuturo del matrimonio en la Iglesia | ||
| 700 |
_aGutiérrez, Gilberto, _etraductor |
||
| 773 | 0 |
_049450 _982667 _oR2577 _tRevista internacional de teología Concilium _w(CO-MdFUSB)8 _x0210-1041 _gNúmero 87, (julio - agosto, 1973), páginas: 75 - 91 _qpágina: 75 |
|
| 942 | _cANA | ||
| 945 | _aCatherine Arias Alvarez - Practicante SENA | ||
| 999 |
_c69825 _d69825 |
||